000 00361nam a2200133Ia 4500
008 151001s9999||||xx |||||||||||||| ||und||
100 _aशरद पवार
245 _aस्पर्धा काळाशी
250 _a1
260 _bरोहन प्रकाशन पुणे
260 _c2008
300 _a268
365 _b21
999 _c994974
_d994971